000 00853nam a22002897a 4500
001 0067070
003 KOHA_MİRAKIL
005 20260207004707.0
007 ta
008 220413b2000 tu |||gr||||#0|||1|tur |
040 _aTR-BiSEU
_btur
_cTR-BiSEU
_erda
041 0 _atur
044 _ctu
050 _aPL235
_b.S55 2000
245 0 _aŞiir Şehir İstanbul/
_cİstanbul Büyükşehir Belediyesi.
264 1 _aİstanbul :
_bİstanbul Büyükşehir Belediyesi Kültür A.Ş.
_c2000
300 _a43 sayfa: resimli; 31 cm+ 1 CD ROM
336 _ametin
_btxt
_2rdacontent
337 _aaracısız
_bn
_2rdamedia
338 _acilt
_bnc
_2rdacarrier
650 0 _aİstanbul (Turkey).
_917199
650 0 _aİstanbul (Türkiye).
_918115
650 0 _aTurkish poetry.
_93912
650 0 _aTürk şiiri.
_93914
907 _aŞiir
942 _2lcc
_cBK
999 _c67617
_d67617